| 000 | 01231nam a2200325 a 4500 | ||
|---|---|---|---|
| 001 | 2155859 | ||
| 003 | OSt | ||
| 005 | 20230620163805.0 | ||
| 008 | 981029s1998 ke a bs 000 0 eng | ||
| 010 | _a 98981729 | ||
| 020 | _a9966996117 | ||
| 040 |
_aDLC _cDLC |
||
| 042 | _alcode | ||
| 043 | _af-ke--- | ||
| 082 | 0 | 0 |
_a324.9 _bIED |
| 245 | 0 | 0 |
_aReport on the 1997 general elections in Kenya : _b29-30 December, 1997. |
| 260 |
_aNairobi : _bInstitute for Education in Democracy : _bCatholic Justice and Peace Commission : _bNational Council of Churches of Kenya, _c1998. |
||
| 300 |
_aix, 260 p. : _bill. (some col.) ; _c30 cm. |
||
| 504 | _aIncludes bibliographical references (p. 259-260). | ||
| 610 | 1 | 0 |
_aKenya. _bNational Assembly _xElections, 1997. |
| 650 | 0 |
_aElections _zKenya. |
|
| 650 | 0 |
_aElection monitoring _zKenya. |
|
| 651 | 0 |
_aKenya _xPolitics and government _y1978- |
|
| 710 | 2 | _aInstitute for Education in Democracy (Kenya) | |
| 710 | 2 | _aCatholic Justice and Peace Commission (Kenya) | |
| 710 | 2 | _aNational Council of Churches of Kenya. | |
| 906 |
_a7 _bcbc _corigode _d2 _encip _f19 _gy-gencatlg |
||
| 942 |
_2ddc _cBK |
||
| 999 |
_c1935 _d1935 |
||